000 01334nam a2200337 i 4500
003 EG-GICUC
005 20260121101429.0
008 251204s1992 ua ||||fr|||| 000 0 ara d
017 _a92/2545
020 _a977-04-0802-6
040 _a EG-GICUC
_bara
_c EG-GICUC
_d EG-GICUC
_erda
041 _aara
082 0 4 _221
_a343.46
_bه د .ج
092 0 4 _221
099 _aLaw1 10 343.46 ه د . ج 1992
100 0 _aهدى حامد قشقوش
_eمؤلف.
245 1 0 _aجرائم الحاسب الآلي الإلكتروني في التشريع المقارن /
_cهدى حامد قشقوش.
264 1 _aالقاهرة:
_bدار النهضة العربية,
_c1992.
300 _a156 صفحة :
_bإيضاحيات، صور، مثيليات ؛
_c24 سم
336 _2rda content
_atext
337 _2rda media
_aComputer
338 _2rda carrier
_aOnline Resource
504 _a. 147-141ببليوجرافيا: صفحات.
546 _aالنص أغلبه باللغة العربية مع بعض النصوص الفرنسية
650 1 4 _aالتشريعات المتعلقة بتقنية المعلومات
_2qrmak
650 1 4 _aالقانون الجنائي الدولي
651 1 _2qrmak
856 4 0 _uhttps://fll.law.cu.edu.eg/fulltext/bks/B10-06738.pdf
905 _a79
_eHassnaa
942 _2ddc
_cBK
_e21
_n0
999 _c48337
_d48337